000 00766nam a2200217Ia 4500
003 GCL
008 140319s9999 xx 000 0 ara d
020 _a9143099906
040 _aGCL /
_cGCL
082 0 4 _a622.1828
_bك ن
100 1 _aفؤاد زكريا
245 1 0 _aنهاية عصر البترول :
_bالتدابير الضرورية لمواجهة المستقبل /
_cفؤاد زكريا
250 _aالاولى
260 _aالكويت :
_bالمجلس الوطنى للثقافة والفنون والاداب ،
_c2004
300 _a301 ص ؛
_c20 سم
490 _aعالم المعرفة
_v307
650 0 4 _aالبترول
650 0 4 _aالبترول - استخراج
650 0 4 _aالبترول - جيولوجيا
942 _2ddc
_cBK
999 _c7105
_d7105